[Event "Lichtenrader Herbst 2006"]
[Site "Berlin"]
[Date "2006.10.08"]
[Round "9.9"]
[White "Hahlbohm, Matthias"]
[Black "Piepho, Niels"]
[Result "0-1"]
[WhiteElo "2114"]
[BlackElo "2218"]
[PlyCount "66"]
[EventDate "2006.??.??"]

1. e4 d6 2. d4 Nf6 3. Nc3 g6 4. f3 c6 5. Be3 Nbd7 6. Qd2 Qc7 7. O-O-O b5 8. g4
Nb6 9. Bf4 a6 10. a3 Be6 11. b3 c5 12. d5 Bc8 13. Nge2 Bb7 14. Ng3 h5 15. h3
Bg7 16. Nb1 c4 17. bxc4 Nxc4 18. Bxc4 Qxc4 19. Qd3 Qc7 20. Nd2 Qa5 21. Qb3 Rc8
22. Ne2 Nd7 23. Nb1 Rc4 24. Bd2 Qc7 25. Bc3 Nc5 26. Qa2 Bh6+ 27. f4 O-O 28. g5
Bg7 29. Bxg7 Kxg7 30. Nd2 Ra4 31. Qb2+ Kg8 32. Nc3 Rc8 33. Nb3 Qa5 0-1

[Event "Lichtenrader Herbst 2006"]
[Site "Berlin"]
[Date "2006.10.08"]
[Round "9.10"]
[White "Haemmerlein, Thomas"]
[Black "Jaeger, Andre"]
[Result "1-0"]
[WhiteElo "2195"]
[BlackElo "2120"]
[PlyCount "93"]
[EventDate "2006.??.??"]

1. g3 g6 2. Bg2 Bg7 3. f4 c5 4. d3 Nc6 5. Nc3 e6 6. Ne4 d5 7. Nf2 Nge7 8. c3
Rb8 9. Nf3 O-O 10. O-O d4 11. Qe1 Nd5 {(=)} 12. Bd2 e5 13. fxe5 Nxe5 14. Nxe5
Bxe5 15. Ne4 b6 16. Bg5 f6 17. c4 Ne3 18. Bxe3 dxe3 19. Rb1 Bb7 20. Nc3 Bxg2
21. Kxg2 Bxc3 22. Qxc3 Qd6 23. Rf4 f5 24. Rbf1 Rbe8 25. a3 Qd7 26. h4 Re7 27.
b4 h6 28. Rh1 Rg7 29. Rd1 g5 30. hxg5 hxg5 31. Rf3 Qb7 32. Kg1 g4 33. Rxe3 Rh7
34. Kf2 f4 35. gxf4 Rxf4+ 36. Ke1 Rh1+ 37. Kd2 Rxd1+ 38. Kxd1 Rf1+ 39. Kd2 Qh1
40. Re8+ Kf7 41. Qh8 Rd1+ 42. Ke3 Qg1+ 43. Kf4 Rf1+ 44. Kg5 Rf5+ 45. Kxf5 Qf1+
46. Kg5 Qc1+ 47. e3 1-0

[Event "Lichtenrader Herbst 2006"]
[Site "Berlin"]
[Date "2006.10.08"]
[Round "9.11"]
[White "Jaeschke, Jens-Uwe"]
[Black "Richter, Goetz"]
[Result "1-0"]
[WhiteElo "2180"]
[BlackElo "2079"]
[PlyCount "93"]
[EventDate "2006.??.??"]

1. Nf3 Nf6 2. c4 e6 3. Nc3 Bb4 4. Qc2 d5 5. a3 Bxc3 6. Qxc3 O-O 7. b4 Nbd7 8.
e3 a5 9. Bb2 axb4 10. axb4 Rxa1+ 11. Bxa1 c6 12. Be2 Qe7 13. O-O Re8 14. b5 e5
15. bxc6 bxc6 16. cxd5 cxd5 17. Bb5 Bb7 18. Qc7 Ba8 19. d4 e4 20. Ne5 Nxe5 21.
Qxe5 Qxe5 22. dxe5 Rb8 23. exf6 Rxb5 24. fxg7 Rb6 25. Bd4 Rc6 26. h3 f6 27. Ra1
Bb7 28. Ra7 Bc8 29. g4 h6 30. Kh2 Be6 31. Bxf6 Bxg4 32. Bd4 Be6 33. Ra8+ Rc8
34. Ra6 Re8 35. Kg3 Kh7 36. h4 Bf7 37. Kf4 Re7 38. Kf5 Bg8 39. Rb6 Rc7 40. Kg4
Rc1 41. Kf4 Rf1 42. Rb2 Kg6 43. Kg3 Kh7 44. Rb8 Rg1+ 45. Kh2 Rg6 46. Rf8 Be6
47. Rh8# 1-0

[Event "Lichtenrader Herbst 2006"]
[Site "Berlin"]
[Date "2006.10.08"]
[Round "9.12"]
[White "Dimitrijeski, Kristian"]
[Black "Stippekohl, Peter"]
[Result "0-1"]
[WhiteElo "2104"]
[BlackElo "2177"]
[PlyCount "108"]
[EventDate "2006.??.??"]

1. d4 Nf6 2. Bg5 d5 3. Bxf6 exf6 4. e3 c6 5. c4 Qb6 6. Qb3 Be6 7. Nc3 dxc4 8.
Bxc4 Qxb3 9. axb3 b5 10. Bxe6 fxe6 11. Nge2 a5 12. O-O Bb4 13. Rfc1 Na6 14. e4
Nc7 15. Na2 Kd7 16. Nxb4 axb4 17. f3 Rxa1 18. Rxa1 Kc8 {(=)} 19. Kf2 Kb7 20.
Ke3 Na6 21. Nf4 Re8 22. Nd3 Kb6 23. f4 Re7 24. g4 c5 25. dxc5+ Nxc5 26. Nxc5
Kxc5 27. Ra6 e5 28. f5 Rd7 29. h4 Rd1 30. Ra7 Re1+ 31. Kd3 Rd1+ 32. Ke2 Rh1 33.
h5 Kd4 34. Rxg7 Kxe4 35. g5 Rh2+ 36. Kd1 Kd3 37. Ke1 Ke3 38. Kf1 Rxh5 39. gxf6
Rxf5+ 40. Ke1 h5 41. f7 e4 42. Rh7 h4 43. Rxh4 Rxf7 44. Rh3+ Rf3 45. Rh5 Kd4
46. Rxb5 Rxb3 47. Kd2 Rxb2+ 48. Kc1 Rb3 49. Kc2 Rc3+ 50. Kb2 Rc4 51. Kb3 Kd3
52. Re5 Rd4 53. Rh5 e3 54. Rh3 Ke2 0-1

[Event "Lichtenrader Herbst 2006"]
[Site "Berlin"]
[Date "2006.10.08"]
[Round "9.13"]
[White "Meissner, Hans-Juergen"]
[Black "Koenig, Frank"]
[Result "1-0"]
[WhiteElo "2225"]
[BlackElo "2042"]
[PlyCount "51"]
[EventDate "2006.??.??"]

1. d4 Nf6 2. Nf3 g6 3. c4 Bg7 4. Nc3 d6 5. e4 O-O 6. Be2 Na6 7. O-O c5 8. d5
Rb8 9. h3 Nc7 10. Bf4 a6 11. a4 b6 12. e5 Nh5 13. Bh2 Bh6 14. Re1 Bb7 15. Bf1
f6 16. g4 Nf4 17. e6 g5 18. Bxf4 gxf4 19. Nh4 f5 20. Nxf5 Rxf5 21. gxf5 Qf8 22.
Qh5 Qf6 23. Ne4 Qg7+ 24. Kh2 f3 25. Qxf3 Kh8 26. f6 1-0

[Event "Lichtenrader Herbst 2006"]
[Site "Berlin"]
[Date "2006.10.08"]
[Round "9.14"]
[White "Gebigke, Martin"]
[Black "von Loehneysen, Leonard"]
[Result "1-0"]
[WhiteElo "2196"]
[BlackElo "2033"]
[PlyCount "127"]
[EventDate "2006.??.??"]

1. e4 c5 2. Nc3 Nc6 3. g3 e5 4. Bg2 g6 5. d3 Bg7 6. Be3 d6 7. Qd2 Be6 8. Nd5
Bxd5 9. exd5 Nce7 10. Ne2 h5 11. f4 Nf5 12. Bf2 Ngh6 13. h3 Qe7 14. O-O-O O-O-O
15. Qa5 Kb8 16. Rhe1 Nd4 17. Nxd4 cxd4 18. Bxd4 b6 19. Qb5 Nf5 20. Bf2 Qc7 21.
Re4 Nd4 22. Bxd4 exd4 23. Rde1 Rc8 24. R1e2 Bf6 25. h4 Qc5 26. Qa6 Qa5 27. Qxa5
bxa5 28. Bh3 Rcd8 29. a4 Kb7 30. Re1 Kb6 31. Kd2 Kc5 32. c3 Rb8 33. Kc2 Rb7 34.
Re8 Rxe8 35. Rxe8 Rc7 36. Bg2 dxc3 {(=)} 37. bxc3 Kb6 38. Rb8+ Rb7 39. Re8 Rc7
40. Rb8+ Rb7 41. Rxb7+ Kxb7 42. d4 Kc7 43. Bf1 Be7 44. Bb5 Kd8 45. Bd3 Ke8 46.
Kb3 Bd8 47. Kc4 Kd7 48. Kb5 f5 49. Ka6 Bb6 50. Kb7 Ke7 51. Kc6 Bd8 52. Ba6 Bb6
53. Bc8 Kd8 54. Be6 Ke7 55. Bd7 Bd8 56. Bc8 Bb6 57. Bb7 Bd8 58. c4 Bb6 59. c5
dxc5 60. dxc5 Bd8 61. d6+ Ke6 62. Bc8+ Kf7 63. Kd7 Bf6 64. Ba6 1-0

[Event "Lichtenrader Herbst 2006"]
[Site "Berlin"]
[Date "2006.10.08"]
[Round "9.15"]
[White "Maahs, Erich"]
[Black "Mandic, Milenko"]
[Result "1-0"]
[WhiteElo "2183"]
[BlackElo "2105"]
[PlyCount "79"]
[EventDate "2006.??.??"]

1. e4 d6 2. d4 g6 3. Nc3 Bg7 4. f4 c6 5. Be3 Qb6 6. Rb1 e5 7. Nf3 Bg4 8. fxe5
dxe5 9. Qd2 Bxf3 10. dxe5 Qc7 11. gxf3 Bxe5 12. Rd1 Ne7 13. Bh6 Nd7 14. f4 Bf6
15. Bh3 Bh4+ 16. Kf1 f5 17. e5 O-O-O 18. Qe3 Nb6 19. Kg2 Kb8 20. Rxd8+ Rxd8 21.
Rd1 Rxd1 22. Nxd1 Qd7 23. Qd3 Ned5 24. a3 Kc7 25. Kf3 Na4 26. Bf8 Be7 27. Bxe7
Qxe7 28. Qd4 Qh4 29. Nf2 Nxb2 30. c4 Qxf4+ 31. Qxf4 Nxf4 32. Kxf4 Nxc4 33. Bf1
Nxa3 34. Kg5 Kd8 35. Kf6 Ke8 36. Nh3 b5 37. Bg2 Nc4 38. Bxc6+ Kf8 39. e6 Nd6
40. e7+ 1-0

[Event "Lichtenrader Herbst 2006"]
[Site "Berlin"]
[Date "2006.10.08"]
[Round "9.16"]
[White "Weissenbach, Klaus"]
[Black "Boettcher, Patrick"]
[Result "1/2-1/2"]
[WhiteElo "2015"]
[BlackElo "2161"]
[PlyCount "108"]
[EventDate "2006.??.??"]

1. e4 c5 2. Nf3 Nc6 3. d4 cxd4 4. Nxd4 Nf6 5. Nc3 e5 6. Ndb5 d6 7. Bg5 a6 8.
Na3 b5 9. Nd5 Be7 10. Bxf6 Bxf6 11. c3 O-O 12. Nc2 Rb8 13. a4 bxa4 14. Ncb4 Bd7
15. Bxa6 Nxb4 16. Nxb4 Qb6 17. O-O Bg5 18. Bd3 Rbe8 19. Bc2 f5 20. Bxa4 Bxa4
21. Rxa4 fxe4 22. Ra6 Qb8 23. Qd5+ Kh8 24. Qxe4 Rf4 25. Qe2 e4 26. Nd5 Rf5 27.
c4 Bf6 28. Nxf6 Rxf6 29. Qd2 h6 30. b4 Qc7 31. Qd5 Qe7 32. Ra3 Re6 33. Re3 Qa7
34. Qc6 Qa2 35. b5 Rf8 36. Rxe4 Ref6 37. Re8 Qd2 38. Rxf8+ Rxf8 39. b6 Kh7 40.
Qe4+ Kh8 41. f3 Qb4 42. Rb1 Qc5+ 43. Kh1 Rb8 44. b7 Qc7 45. h3 Qc5 46. Ra1 Qc7
47. Ra8 Kg8 48. Rxb8+ Qxb8 49. Qc6 Qa7 50. Qc8+ Kh7 51. b8=Q Qa1+ 52. Kh2 Qe5+
53. Kg1 Qe1+ 54. Kh2 Qe5+ 1/2-1/2

[Event "Lichtenrader Herbst 2006"]
[Site "Berlin"]
[Date "2006.10.08"]
[Round "9.17"]
[White "Gnass, Arno"]
[Black "Witte, Ronald"]
[Result "1/2-1/2"]
[WhiteElo "1969"]
[BlackElo "2122"]
[PlyCount "84"]
[EventDate "2006.??.??"]

1. d4 d5 2. c4 c6 3. Nf3 Nf6 4. cxd5 cxd5 5. g3 Nc6 6. a3 Bf5 7. Bg2 e6 8. O-O
h6 9. b4 Bd6 10. Bb2 O-O 11. Nbd2 Ne4 12. Ne5 Bxe5 13. dxe5 Nxd2 14. Qxd2 Qb6
15. e3 a5 16. Bd4 Nxd4 17. Qxd4 Qxd4 18. exd4 Rfc8 19. f3 Rc4 20. g4 Bg6 21.
Rfd1 axb4 22. Bf1 bxa3 23. Bxc4 dxc4 24. d5 exd5 25. Rxd5 a2 26. Rb5 Bb1 27.
Rxb7 c3 28. Rbxb1 axb1=Q+ 29. Rxb1 g5 30. Rc1 Rc8 31. Kf2 Kf8 32. Ke3 Ke7 33.
Rc2 Ke6 34. Kd4 Rc7 35. Ke4 Rc4+ 36. Kd3 Kd5 37. Rxc3 Rxc3+ 38. Kxc3 Kxe5 39.
Kd3 Kf4 40. Ke2 f5 41. gxf5 Kxf5 42. h4 gxh4 1/2-1/2

[Event "Lichtenrader Herbst 2006"]
[Site "Berlin"]
[Date "2006.10.08"]
[Round "9.19"]
[White "Mueller, Peter"]
[Black "Fucik, Timo"]
[Result "0-1"]
[WhiteElo "1947"]
[BlackElo "2096"]
[PlyCount "84"]
[EventDate "2006.??.??"]

1. e4 c5 2. Nf3 d6 3. d4 Nf6 4. Nc3 cxd4 5. Nxd4 a6 6. Rg1 b5 7. a3 Bb7 8. Bd3
Nbd7 9. f3 e6 10. Be3 d5 11. exd5 Nxd5 12. Nxd5 Bxd5 13. a4 b4 14. Qe2 Nc5 15.
Bc4 Be7 16. Rd1 Bxc4 17. Qxc4 Qc7 18. g3 Rc8 19. Rg2 O-O 20. Rgd2 Qe5 21. Re2
Rfd8 22. Bf4 Qh5 23. Qa2 Bf6 24. g4 Qg6 25. Qc4 h5 26. h3 a5 27. Rdd2 Nxa4 28.
Nc6 Rxd2 29. Rxd2 Nxb2 30. Ne7+ Bxe7 31. Qxc8+ Kh7 32. Qc7 Bf6 33. Be5 a4 34.
gxh5 Qg1+ 35. Ke2 Qg2+ 36. Ke3 Qg5+ 37. f4 Qg3+ 38. Kd4 Bxe5+ 39. Qxe5 Qc3+ 40.
Ke4 Qxd2 41. Qxb2 Qd5+ 42. Ke3 Qc5+ 0-1

[Event "Lichtenrader Herbst 2006"]
[Site "Berlin"]
[Date "2006.10.08"]
[Round "9.20"]
[White "Merz, Ruediger"]
[Black "Hohn, August"]
[Result "1-0"]
[WhiteElo "1851"]
[BlackElo "2095"]
[PlyCount "79"]
[EventDate "2006.??.??"]

1. e4 c6 2. d4 d5 3. Nc3 dxe4 4. Nxe4 Nd7 5. Ng5 e6 6. Bd3 Ngf6 7. N1f3 Bd6 8.
Qe2 Qe7 9. Ne5 O-O 10. O-O h6 11. Ngf3 c5 12. Nxd7 Bxd7 13. dxc5 Bxc5 14. Ne5
Rfd8 15. Nxd7 Rxd7 16. Bf4 a6 17. Rad1 Rad8 18. h3 Bd6 19. Bxd6 Rxd6 20. Rfe1
Qc7 21. c4 Qa5 22. Bb1 Rd2 23. Rxd2 Rxd2 24. Qe3 Rxb2 25. Rd1 g6 26. Bxg6 Kg7
27. Bb1 Qg5 28. Qd4 Re2 29. Bd3 Rxa2 30. Rb1 e5 31. Qa7 e4 32. Bf1 Qf5 33. Rxb7
Nd7 34. Rxd7 e3 35. Qd4+ Kg6 36. Rd6+ Kg5 37. Qxe3+ Qf4 38. Rd5+ f5 39. Qe7+
Kh5 40. g4+ 1-0